[Event "40. Offene Stadtmeisterschaft"]
[Site "Bergisch Gladbach"]
[Date "2018.10.12"]
[Round "7.4"]
[White "Thelen, Harm-Wulf"]
[Black "Rosenauer, Horst"]
[Result "1-0"]
[WhiteElo "1916"]
[BlackElo "1850"]
[PlyCount "89"]
[EventRounds "7"]

1. c4 c6 2. Nc3 d5 3. d4 Nf6 4. Nf3 Bf5 5. Ne5 e6 6. cxd5 cxd5 7. e3 a6 8. a4
Bb4 9. Bd2 O-O 10. Be2 Nfd7 11. Nd3 Bd6 12. O-O Nc6 13. f4 Rc8 14. g4 Bxd3 15.
Bxd3 Qh4 16. Qf3 Nb4 17. Be1 Qe7 18. Bb1 f5 19. gxf5 exf5 20. Nxd5 Nxd5 21.
Qxd5+ Kh8 22. Bf2 Nb6 23. Qb3 Nc4 24. Rd1 Qf7 25. Bd3 Qe6 26. Be2 Rfe8 27. Rac1
b5 28. axb5 axb5 29. Bf3 Qg6+ 30. Bg2 h5 31. Qxb5 Nxe3 32. Bxe3 Rb8 33. Qd3
Rxb2 34. Rd2 Reb8 35. Rdc2 h4 36. Kf1 Qg4 37. Qe2 Rxc2 38. Rxc2 Qg6 39. Kf2 Qh6
40. Qf3 Rb3 41. Bh3 Qe6 42. d5 Qf7 43. Qd1 Bxf4 44. Rc8+ Kh7 45. Qxb3 1-0

[Event "40. Offene Stadtmeisterschaft"]
[Site "Bergisch Gladbach"]
[Date "2018.10.12"]
[Round "7.7"]
[White "Behle, Burkhard"]
[Black "Henseler, Klaus"]
[Result "1-0"]
[WhiteElo "1780"]
[BlackElo "1811"]
[PlyCount "51"]
[EventRounds "7"]

1. d4 Nf6 2. c4 g6 3. Nc3 Bg7 4. e4 O-O 5. Nf3 d6 6. h3 Na6 7. Be3 c5 8. d5 e6
9. Qd2 exd5 10. exd5 Re8 11. O-O-O Bd7 12. Bd3 Nc7 13. Bg5 b5 14. Qf4 bxc4 15.
Bxc4 Rb8 16. Bb3 Rb6 17. Nd2 h6 18. Bxh6 Nfxd5 19. Nxd5 Nxd5 20. Qg5 Bf6 21.
Qxd5 Be6 22. Qf3 c4 23. Ne4 Be7 24. Ba4 Bf5 25. Bxe8 Qxe8 26. Qc3 1-0

[Event "40. Offene Stadtmeisterschaft"]
[Site "Bergisch Gladbach"]
[Date "2018.10.12"]
[Round "7.8"]
[White "Gnass, Arno"]
[Black "Rohleder, Traugott"]
[Result "1/2-1/2"]
[WhiteElo "1561"]
[BlackElo "1716"]
[PlyCount "69"]
[EventRounds "7"]

1. d4 Nf6 2. Nf3 d6 3. e3 g6 4. b3 Bg7 5. Bb2 O-O 6. Nbd2 Bf5 7. Be2 c5 8. O-O
Nc6 9. a3 Rc8 10. Rc1 a6 11. Re1 b5 12. Bf1 Rc7 13. d5 Nxd5 14. Bxg7 Kxg7 15.
c4 bxc4 16. e4 cxb3 17. Qxb3 Bxe4 18. Nxe4 Nf6 19. Nxf6 exf6 20. Qc3 Nb8 21.
Red1 d5 22. Qa5 Qd6 23. Rb1 Rc6 24. Rb2 Nd7 25. Rdb1 Rb8 26. Rxb8 Nxb8 27. Qa4
Nd7 28. g3 Ne5 29. Bg2 Rc7 30. Qf4 d4 31. Nd2 c4 32. Ne4 Qe6 33. Bh3 Qc6 34.
Bg2 c3 35. Ng5 1/2-1/2

[Event "40. Offene Stadtmeisterschaft"]
[Site "Bergisch Gladbach"]
[Date "2018.10.12"]
[Round "7.9"]
[White "Bigott, Martin"]
[Black "Shelukie, Magd"]
[Result "1-0"]
[WhiteElo "1674"]
[BlackElo "1511"]
[PlyCount "131"]
[EventRounds "7"]

1. Nf3 Nc6 2. d4 e6 3. c4 d5 4. Nc3 Nf6 5. Bg5 Be7 6. e3 a6 7. a3 Bd7 8. Bxf6
Bxf6 9. cxd5 exd5 10. Nxd5 Bg4 11. Nxf6+ Qxf6 12. Be2 O-O 13. O-O Rad8 14. Rc1
Rd5 15. Qb3 Rh5 16. Qxb7 Rh6 17. Qxc7 Rg6 18. Kh1 Ne7 19. Qe5 Bxf3 20. Bxf3 Qh4
21. g3 Qh3 22. Bg2 Qe6 23. Qxe6 fxe6 24. Rc7 Nf5 25. b4 Rgf6 26. Kg1 h5 27.
Rfc1 h4 28. Rc8 hxg3 29. hxg3 Kh7 30. Rxf8 Rxf8 31. Rc6 Nh6 32. Rxe6 Rc8 33.
Rc6 Rf8 34. Be4+ Kh8 35. Rxa6 Ng4 36. Ra8 Rxa8 37. Bxa8 Nf6 38. Bc6 Kg8 39. b5
Kf8 40. a4 Ke7 41. a5 Kd6 42. a6 Kc7 43. a7 g5 44. a8=Q Kd6 45. Qf8+ Ke6 46.
Qxf6+ Kxf6 47. g4 Ke7 48. Kg2 Kd6 49. Kf3 Kc7 50. Ke4 Kd6 51. Kf5 Kc7 52. Kxg5
Kb6 53. Kf6 Kc7 54. g5 Kb8 55. f4 Kc7 56. e4 Kd8 57. g6 Kc7 58. g7 Kd6 59. e5+
Kc7 60. g8=Q Kb6 61. e6 Ka5 62. e7 Kb6 63. e8=Q Ka5 64. Qc4 Kb6 65. Qb8+ Ka5
66. Qa7# 1-0

[Event "40. Offene Stadtmeisterschaft"]
[Site "Bergisch Gladbach"]
[Date "2018.10.12"]
[Round "7.10"]
[White "Schüers, Christian"]
[Black "Bosbach, Volker"]
[Result "0-1"]
[WhiteElo "1568"]
[BlackElo "1644"]
[PlyCount "80"]
[EventRounds "7"]

1. d4 d5 2. Nf3 Nf6 3. e3 e6 4. c4 c6 5. Nc3 Nbd7 6. Qb3 Be7 7. Be2 O-O 8. O-O
Re8 9. Bd2 Bd6 10. cxd5 exd5 11. Rac1 Nf8 12. Bd3 Ne4 13. Qc2 Qe7 14. Ne2 Bg4
15. Ng3 Bxf3 16. gxf3 Nxd2 17. Qxd2 Bb4 18. Qe2 Qf6 19. Qd1 Bd6 20. Rc2 Ng6 21.
Bxg6 Qxg6 22. Kh1 Qh6 23. Rg1 Re6 24. f4 Rf6 25. Qh5 Qg6 26. Qxg6 hxg6 27. Nf1
Kf8 28. Rg2 Ke7 29. Nd2 Rf5 30. Nf3 Rh5 31. Ne5 Bxe5 32. fxe5 Rah8 33. Re2 Rh3
34. Kg1 Ke6 35. e4 Rd3 36. exd5+ cxd5 37. Rg3 Rxd4 38. Rb3 b6 39. h3 Rhh4 40.
Kg2 Rhe4 0-1

[Event "40. Offene Stadtmeisterschaft"]
[Site "Bergisch Gladbach"]
[Date "2018.10.12"]
[Round "7.11"]
[White "Stuch, Hans-Ferdinand"]
[Black "König, Linus"]
[Result "1-0"]
[WhiteElo "1556"]
[BlackElo "1629"]
[PlyCount "51"]
[EventRounds "7"]

1. e4 c5 2. Nc3 Nc6 3. g4 e6 4. Bg2 h6 5. d3 Nf6 6. f4 Be7 7. h3 a6 8. e5 Nh7
9. Nf3 Bh4+ 10. Kf1 Be7 11. Be3 f6 12. Ne4 fxe5 13. fxe5 O-O 14. Ke1 Qc7 15. g5
hxg5 16. Nfxg5 Nxg5 17. Qh5 Nh7 18. Nd6 Bxd6 19. Be4 Nf6 20. exf6 Rxf6 21. Qe8+
Bf8 22. Qh5 Qg3+ 23. Ke2 Nd4+ 24. Bxd4 cxd4 25. Bh7+ Kh8 26. Bg6+ 1-0

[Event "40. Offene Stadtmeisterschaft"]
[Site "Bergisch Gladbach"]
[Date "2018.10.12"]
[Round "7.12"]
[White "Selbach, Johannes"]
[Black "Nichte, Philipp"]
[Result "1/2-1/2"]
[WhiteElo "1518"]
[BlackElo "1602"]
[PlyCount "46"]
[EventRounds "7"]

1. d4 Nf6 2. c4 c5 3. d5 b5 4. cxb5 a6 5. Nc3 g6 6. e4 d6 7. Nf3 Bg7 8. Qc2 O-O
9. Be2 axb5 10. Bxb5 Qb6 11. O-O Ba6 12. Bxa6 Nxa6 13. a3 Nd7 14. Bd2 Rfc8 15.
Na4 Qb7 16. Bc3 Qb5 17. Bxg7 Kxg7 18. Rfb1 Rc7 19. Nc3 Qb6 20. b3 Rca7 21. Qb2
Kg8 22. Na4 Qc7 23. Nc3 Qb6 1/2-1/2

[Event "40. Offene Stadtmeisterschaft"]
[Site "Bergisch Gladbach"]
[Date "2018.10.12"]
[Round "7.13"]
[White "Roder, Stephan"]
[Black "Türkkan, Nuh"]
[Result "0-1"]
[WhiteElo "1460"]
[BlackElo "1802"]
[PlyCount "42"]
[EventRounds "7"]

1. e4 c5 2. c4 Nc6 3. Bd3 g6 4. Ne2 Bg7 5. Bc2 Nf6 6. d3 O-O 7. Nbc3 a6 8. Be3
d6 9. Qd2 Ng4 10. h3 Nxe3 11. fxe3 Rb8 12. a4 Bd7 13. Rb1 e6 14. h4 Ne5 15. Ng3
Bf6 16. h5 Bh4 17. Nce2 Qg5 18. Rh3 Ng4 19. Nf4 e5 20. Nd5 Nxe3 21. Rxh4 Qxg3+
0-1

[Event "40. Offene Stadtmeisterschaft"]
[Site "Bergisch Gladbach"]
[Date "2018.10.12"]
[Round "7.14"]
[White "Sinner, Joselyne"]
[Black "Ramien, Hannah"]
[Result "1/2-1/2"]
[WhiteElo "1343"]
[BlackElo "1455"]
[PlyCount "61"]
[EventRounds "7"]

1. e4 e5 2. Nf3 Nc6 3. Nc3 Nf6 4. Bb5 Bd6 5. O-O O-O 6. d3 Re8 7. Bg5 Bc5 8.
Nd5 Be7 9. Nxe7+ Qxe7 10. d4 exd4 11. Bxc6 dxc6 12. e5 h6 13. exf6 gxf6 14.
Bxh6 Kh7 15. Re1 Be6 16. Bf4 Rad8 17. Nh4 Qf8 18. Qh5+ Kg8 19. Nf5 Bxf5 20.
Qxf5 Qg7 21. Rxe8+ Rxe8 22. Kf1 Qg6 23. Qxg6+ fxg6 24. Rd1 c5 25. Bxc7 Rc8 26.
Bg3 Kf7 27. Re1 b5 28. Bd6 Rc6 29. Re7+ Kf8 30. Rc7+ Rxd6 31. Rxc5 1/2-1/2

[Event "40. Offene Stadtmeisterschaft"]
[Site "Bergisch Gladbach"]
[Date "2018.10.12"]
[Round "7.15"]
[White "Zok, David"]
[Black "Breuer, Achim"]
[Result "0-1"]
[WhiteElo "1354"]
[BlackElo "1437"]
[PlyCount "54"]
[EventRounds "7"]

1. d4 e6 2. Nf3 d5 3. c4 Nf6 4. Nc3 c5 5. Bf4 a6 6. e3 Nc6 7. a3 cxd4 8. Nxd4
Be7 9. Bd3 O-O 10. O-O dxc4 11. Nxc6 bxc6 12. Bxc4 Nd5 13. Be5 Qa5 14. b4 Nxb4
15. Bxg7 Kxg7 16. axb4 Qg5 17. Ne4 Qh4 18. Qd4+ f6 19. g3 Qh3 20. Ng5 Qf5 21.
Ne4 Rd8 22. Ra5 e5 23. Qb6 Qxe4 24. Qc7 Kf8 25. Rc5 Bh3 26. f3 Qxe3+ 27. Rf2
Rd2 0-1

[Event "40. Offene Stadtmeisterschaft"]
[Site "Bergisch Gladbach"]
[Date "2018.10.12"]
[Round "7.16"]
[White "Müller, Horst"]
[Black "Wilde, Christian"]
[Result "1-0"]
[WhiteElo "1412"]
[BlackElo "1211"]
[PlyCount "91"]
[EventRounds "7"]

1. c4 f5 2. Nc3 g6 3. d4 Bg7 4. Nf3 Nf6 5. g3 d5 6. Bg2 O-O 7. O-O c6 8. b3 Ne4
9. Bb2 Nxc3 10. Bxc3 e6 11. Bd2 Nd7 12. Bg5 Bf6 13. Bxf6 Qxf6 14. e3 e5 15.
dxe5 Nxe5 16. cxd5 Nxf3+ 17. Bxf3 Rd8 18. Qe2 cxd5 19. Rfd1 Be6 20. Rac1 Rac8
21. Rxc8 Rxc8 22. Bxd5 Bxd5 23. Rxd5 Rc1+ 24. Kg2 Qc6 25. Qf3 Kg7 26. h3 b6 27.
g4 fxg4 28. hxg4 Rc5 29. Rxc5 Qxc5 30. Qe4 Qa3 31. Qa4 Qe7 32. Qd4+ Kh6 33. b4
b5 34. a3 Qb7+ 35. Kg3 a6 36. e4 Qc7+ 37. e5 Qc4 38. Qe3+ g5 39. e6 Qc7+ 40.
Kg2 Qc6+ 41. Kg1 Kg6 42. Qd3+ Kh6 43. e7 Qc1+ 44. Kg2 Qc6+ 45. f3 Qe6 46. Qe4
1-0

[Event "40. Offene Stadtmeisterschaft"]
[Site "Bergisch Gladbach"]
[Date "2018.10.12"]
[Round "7.18"]
[White "Suzuki, Juliano"]
[Black "Hoferichter, Michael"]
[Result "1-0"]
[WhiteElo "1277"]
[BlackElo "1372"]
[PlyCount "85"]
[EventRounds "7"]

1. e4 c5 2. Nf3 e6 3. d4 cxd4 4. Nxd4 Nf6 5. Bg5 Be7 6. e5 Qa5+ 7. Nc3 Qxe5+ 8.
Be3 a6 9. Bc4 b5 10. Qf3 d5 11. Bb3 Qc7 12. O-O Nbd7 13. Nce2 Ne5 14. Qg3 Nh5
15. Qh3 g6 16. Bh6 Nc4 17. Qc3 Nf6 18. Bg7 Ne4 19. Qe1 Rg8 20. Bxc4 Rxg7 21.
Bb3 Bb7 22. a4 b4 23. a5 Bd6 24. Nf3 g5 25. g3 f5 26. Nd2 Nf6 27. Nd4 Re7 28.
Nxe6 Qd7 29. Ba4 Bc6 30. Bxc6 Qxc6 31. Nd4 Qd7 32. Qd1 Be5 33. N2f3 Ne4 34.
Nxe5 Rxe5 35. Re1 Re7 36. Qh5+ Kd8 37. Qh6 Kc7 38. Qb6+ Kc8 39. f3 Nd6 40. Qc5+
Kb7 41. Qxd5+ Kb8 42. Rxe7 Qxe7 43. Nc6+ 1-0

[Event "40. Offene Stadtmeisterschaft"]
[Site "Bergisch Gladbach"]
[Date "2018.10.12"]
[Round "7.19"]
[White "Johann, Hans Werner"]
[Black "Nölle, Lisa"]
[Result "1/2-1/2"]
[WhiteElo "1276"]
[BlackElo "1177"]
[PlyCount "109"]
[EventRounds "7"]

1. d4 d6 2. e3 Nf6 3. Nf3 Nbd7 4. Be2 e5 5. dxe5 dxe5 6. O-O c6 7. c3 Qc7 8.
Nfd2 Be7 9. b4 O-O 10. Bb2 Re8 11. Qc2 Nf8 12. Bd3 Ng4 13. Bf5 e4 14. Bxg4 Bxg4
15. Nxe4 Bf5 16. Nbd2 Be6 17. a3 Rad8 18. c4 Nd7 19. f4 f5 20. Ng3 Rf8 21. Rad1
Nf6 22. h3 a5 23. Be5 Bd6 24. Bxd6 Rxd6 25. c5 Rd7 26. Nxf5 Nd5 27. e4 Nxf4 28.
Nc4 axb4 29. axb4 Kh8 30. Ncd6 Ng6 31. Qc3 Kg8 32. Qa3 b5 33. Ra1 Ne7 34. Qb2
Nxf5 35. exf5 Bd5 36. Rae1 Qd8 37. Re5 Qf6 38. Qe2 Rxd6 39. cxd6 Bc4 40. Qe4
Bxf1 41. Kxf1 Qxd6 42. Kg1 Qf6 43. Re6 Qxf5 44. Qxf5 Rxf5 45. Rxc6 Kf7 46. g3
Re5 47. Rb6 Ke7 48. Kf2 h5 49. h4 Rf5+ 50. Ke3 g5 51. hxg5 Rxg5 52. Kf4 Rg4+
53. Kf3 Rxb4 54. Rh6 Kd7 55. Rxh5 1/2-1/2